000 00366nam a2200145Ia 4500
008 191201s2005 xx 000 0 und d
082 _a621.3815
_bPAE
100 _aPatil, Kishor Shridhar
245 0 _aElectronic materials and Components
250 _a1st
260 _aN.Delhi
_bBPB Publication
_c2005
300 _a332
650 _aB.Tech(ECE)
942 _2ddc
_cBK
999 _c1685
_d1685